Borges y la matemática /

Guardado en:
Autor Principal: Martínez, Guillermo
Formato: Libro
Publicado: Buenos Aires : Seix Barral, 2006
Series:Los Tres mundos
Materias:
Etiquetas: Agregar Etiqueta
Sin Etiquetas, Sea el primero en etiquetar este registro!
LEADER 00736nam a22002175a 4500
001 CEM.cems012185
005 20101202121943.0
008 130507s2006##################000#0#####d
003 CEMS
020 |a 109507315144 
082 0 4 |a A863.4 
100 1 |a Martínez, Guillermo 
245 1 0 |a Borges y la matemática /  |c Guillermo Martínez 
260 |a Buenos Aires :  |b  Seix Barral,  |c 2006 
300 |a 181 p. 
490 0 |a Los Tres mundos 
505 0 |a Ensayo de la relación estética entre la literatura y la matemática -- selección de artículos publicados en Clarín , Página 12 y La Nación 
653 |a Literatura argentina 
653 |a Ensayos 
653 |a Borges 
859 |a CEMS  |b BIB. CEMS - 11 de abril  |h A863.4  |i M366-3  |p 23429.06  |t Ej.1